Ajusticiados / (Record no. 183022)

MARC details
000 -LEADER
campo de control de longitud fija 00708nam a2200229 i 4500
001 - NÚMERO DE CONTROL
campo de control 183022
003 - IDENTIFICADOR DE NÚMERO DE CONTROL
campo de control ES-MaACL
005 - FECHA Y HORA DE LA ÚLTIMA TRANSACCIÓN
campo de control 20251004063224.0
008 - DATOS DE LONGITUD FIJA--INFORMACIÓN GENERAL
campo de control de longitud fija 140113s2013 sp | |||||||| | spa d
020 ## - NÚMERO INTERNACIONAL ESTÁNDAR DEL LIBRO
Número Internacional Estándar del Libro 978-84-15826-15-6
080 ## - NÚMERO DE LA CLASIFICACIÓN DECIMAL UNIVERSAL
Número de la Clasificación Decimal Universal 821.134.2-31"19"
100 1# - ENTRADA PRINCIPAL--NOMBRE DE PERSONA
Nombre de persona Hernández Conesa, Juana,
Fechas asociadas al nombre 1956-
9 (RLIN) 154138
245 10 - MENCIÓN DEL TÍTULO
Título Ajusticiados /
Mención de responsabilidad, etc. Juana Hernández Conesa.
250 ## - MENCION DE EDICION
Mención de edición 1ª ed.
260 ## - PUBLICACIÓN, DISTRIBUCIÓN, ETC.
Lugar de publicación, distribución, etc. Madrid :
Nombre del editor, distribuidor, etc. Cultiva,
Fecha de publicación, distribución, etc. 2013.
300 ## - DESCRIPCIÓN FÍSICA
Extensión 161 p. ;
Dimensiones 21 cm.
490 1# - MENCIÓN DE SERIE
Mención de serie Colección Cultiva ;
Designación de volumen o secuencia n. 417
830 0# - PUNTO DE ACCESO ADICIONAL DE SERIE-TÍTULO UNIFORME
Título uniforme Colección Cultiva ;
Designación de volumen o secuencia n. 417
9 (RLIN) 191698
852 ## - LOCALIZACIÓN
Ubicación ES-MaACL
Número de control de estantería A-12975
itemnumber 189955
Sublocalización o colección R.149721
Ubicación en estantería Depósito 1
Signatura antigua Olim: N-5975
942 ## - ELEMENTOS DE ENTRADA SECUNDARIOS (KOHA)
Fuente del sistema de clasificación o colocación Clasificación decimal universal
Tipo de ítem Koha Libro impreso
Holdings
Estatus retirado Estado de pérdida Fuente del sistema de clasificación o colocación Estado de daño No para préstamo Biblioteca de origen Biblioteca actual Ubicación en estantería Fecha de adquisición Fuente de adquisición Total de préstamos Signatura topográfica completa Código de barras Visto por última vez Precio de reemplazo Tipo de ítem Koha
    Clasificación decimal universal     Biblioteca del Ateneo de Madrid Biblioteca del Ateneo de Madrid Depósito 1 13/01/2014 Donación   A-12975 1192361 23/02/2023 23/02/2023 Libro impreso